CONTINUA LA CANZONE! #4 - Statistics

Statistiche generali
  • Questo quiz è stato fatto 392 volte
  • Il punteggio medio è 5 su 14
Statistiche sulle risposte
Hint Risposta % Corretto
Maledetta primavera (Loretta Goggi) Se per innamorarmi ancora Tornerai, maledetta primavera Che imbroglio se Per innamorarmi basta --- --- un'ora?
92%
Buon viaggio (Cesare Cremonini) Coraggio, lasciare tutto indietro e andare Partire per ricominciare Che non c'è niente di più vero di un miraggio E per quanta strada ancora c'è da fare --- --- --- Amerai il finale
91%
BALLO BALLO (Raffaella Carrà)
Io, so qui
Con un pizzico di nostalgia
Che magia
E mi sento ancora a casa mia
Aaah, sensazione unica
Aaah, voglia di restare qui
Aaah, voglia di ballar con te
Ballo, ballo, ballo da capogiro
Ballo, ballo, ballo --- ---
senza respiro
72%
Nord sud ovest est (883) Oh oh oh whoa oh Nord sud ovest est E forse quel che cerco neanche c'è Oh oh oh whoa oh Nord sud ovest est Starò cercando lei --- --- --- o forse me?
48%
Torna a casa (Maneskin) Che mi è rimasto un foglio in mano e mezza sigaretta Restiamo un po' di tempo ancora, tanto non c'è fretta Che c'ho una frase scritta in testa ma non l'ho mai detta Perché --- --- --- --- --- --- --- --- la vita, senza te, non può essere perfetta
43%
Mon amour (Annalisa) Ho visto lei che bacia lui Che bacia lei, che bacia me Mon amour, amour, ma chi baci tu? Io farò una strage stasera Ballo tra le lampade a sfera Lei piace sia a me che a te Ho visto lei che bacia lui Che bacia lei, che bacia me Mon amour, amour, ma chi baci tu? Disperata e anche leggera --- --- --- --- --- Vengo per rubarti la scena
28%
90MIN (Salmo) Prego, sedetevi comodi Sta cominciando lo show È come volare in economy Ma senza le buste del vomito --- --- --- --- Corpi vestiti di graffi
21%
MERAVIGLIOSA CREATURA (Gianna Nannini) Meravigliosa creatura
Sei sola al mondo
Meravigliosa paura
Di averti accanto
Occhi di sole
Mi bruciano in mezzo al cuore
--- --- --- ---
Amo la vita meravigliosa
19%
Se piovesse il tuo nome (Elisa) Non ci siamo mai visti per davvero e Non ci siamo mai presi per davvero in giro Neanche per sbaglio Neanche per sbaglio in silenzio La città incontra il tuo deserto Che io innaffio da sempre Sarà la mia omissione Sarà, sarà, sarà Che --- --- --- --- --- --- ora ho un fiore nella bocca
19%
Di sole e d'azzurro (Giorgia)
Vorrei illuminarti l'anima
Nel blu dei giorni tuoi più fragili
Io ci sarò
Come una musica
Come domenica
Di sole e d'azzurro
Voglio parlare al tuo cuore
--- --- --- --- ---
Come acqua fresca d'estate
10%
Malavita (Coma_Cose) Malavita, malavita Malavita, malavita Malavita, malavita Malavita, malavita Ti rivela sempre un mare di cose Sotto i veli delle giovani spose Gli occhi neri mi sembrano i tuoi Monnalisa, Monnalisa Monnalisa, Monnalisa Che non hai mai visto un mazzo di rose --- --- --- --- --- --- --- Non sarà mica colpa del tuo nome
10%
Figli delle stelle (Alan Sorrenti)
Noi siamo figli delle stelle
Figli della notte che ci gira intorno
Noi siamo figli delle stelle
Non ci fermeremo mai per niente al mondo
Noi siamo figli delle stelle
Senza storia senza età, eroi di un sogno
Noi stanotte figli delle stelle
--- --- --- --- --- --- ---
Ci incontriamo per poi perderci nel tempo
9%
Nessuno mi può giudicare (Caterina Caselli)
Se ho sbagliato un giorno ora capisco che
L'ho pagata cara la verità
Io ti chiedo scusa, e sai perché?
Sta di casa qui la felicità
Molto, molto più di prima io t'amerò
In confronto all'altro sei meglio tu
E d'ora in avanti prometto che
Quel che --- --- --- --- --- --- --- ---
ho fatto un dì non farò mai più
6%
Splendido Splendente (Donatella Rettore) Sono splendida splendente Io mi amo finalmente Ho una pelle trasparente Come un uovo di serpente Come sono si vedrà Uomo o donna senza età Senza sesso crescerà --- --- --- --- --- --- Per la vita una splendente vanità
5%
Nessun quiz corrispondente trovato
Distribuzione punteggi
Percentuale di utenti per punteggio
Percentile per numero di risposta
I tuoi punteggi nel tempo
Non hai fatto questo quiz